Aplikačná fyzikálna chémia

Bibliographic Details
Main Authors: Michalička, František (Author), Molnár, Alexander (Author)
Format: Book
Language:Slovak
PhysicalDescription:393 s., 1,691 AH Tb. Sch. 29 cm
Published: Bratislava Slovenská vysoká škola technická 1984
Edition:1. vyd.

MARC

LEADER 00000nam a2200000 a 4500
001 vtls001093907
003 SK-MaSNL
005 20260301092512.0
008 250414s1984 xo 0 slo
015 |a SNBA1985/03 
035 |a SNK000036749 
040 |a SNK  |b slo  |c SNK  |e AACR2 
041 0 |a slo 
044 |a xo  |c SK 
080 |a 541.1(075.8)  |2 1981 
100 1 |a Michalička, František  |4 aut  |9 277978 
245 1 0 |a Aplikačná fyzikálna chémia  |c František Michalička, Alexander Molnár 
250 |a 1. vyd. 
260 |a Bratislava  |b Slovenská vysoká škola technická  |c 1984  |e Bratislava  |f Edičné stredisko SVŠT 
300 |a 393 s., 1,691 AH  |b Tb. Sch.  |c 29 cm 
366 |e 175 výtl. 
500 |a Lit. 83. Zozn. tb. v príl. Schválil rektor SVŠT v Bratislave ako skriptá. Rozmn. 83 zázn. v slov., češ., ruš., nem., angl. a poľ. 
700 1 |a Molnár, Alexander  |4 aut  |9 5715 
852 |a Slovenská národná knižnica 
954 |a chémia fyzikálna 
958 |a NB 
958 |a RM 
958 |a UV 
958 |a OND 
999 |c 674142  |d 676072 
952 |t P60, <04>, [BOOK], {604}  |a SNK  |b SNK  |y VYP  |7 0  |p 17A0207589  |o snkSB 38566 D1  |0 0  |1 0  |4 0  |d 1999-08-30  |l 0  |r 2004-12-31 00:00:00  |w 2026-02-23 
952 |a SNK  |b SNK  |y PREZ  |7 0  |p 17A0797701  |o snkSB 38566  |0 0  |1 0  |4 0  |d 2012-05-28  |f 1  |l 0  |r 2025-04-23 00:00:00  |w 2026-02-23